| 000 | 00597nam a2200121Ia 4500 | ||
|---|---|---|---|
| 008 | 171212s9999 xx 000 0 und d | ||
| 020 | _a9781922144560 | ||
| 245 |
_ceditor Drysdale, Peter;Yunling, Zhang;Song, Ligang _aAPEC and liberalisation of the Chinese economy |
||
| 260 |
_bANU E Press _c2012 |
||
| 650 | _aAsia Pacific Economic Cooperation (Organization); Free trade -- China; Tariff -- China; International trade; China -- Economic policy -- 1976-; China -- Commercial policy; China -- Economic conditions -- 1976- | ||
| 650 | _aBusiness | ||
| 856 | _uwww.jstor.org/stable/10.2307/j.ctt24hb57 | ||
| 999 |
_c350992 _d350992 |
||